|
|
|
|
| LEADER |
00000nab a2200000 a 4500 |
| 001 |
034111 |
| 003 |
UAHC_CL |
| 005 |
20210317150608.0 |
| 008 |
031122s2005 cl f 000 spa |
| 952 |
|
|
|0 0
|1 0
|2 ddc
|4 0
|6 RECURSO_ELECTRONICO
|7 0
|8 BAS
|9 94476
|a BC
|b BC
|c Digital
|d 2021-03-17
|l 0
|o RECURSO ELECTRONICO
|r 2021-03-17 00:00:00
|w 2021-03-17
|y REVA
|A 63
|B ANT
|
| 999 |
|
|
|c 51035
|d 51035
|
| 040 |
|
|
|a UAHC_CL
|c UAHC_CL
|d UAHC_CL
|
| 100 |
|
|
|a Cadenas Ramos, Hugo
|9 4563
|
| 245 |
1 |
3 |
|a La antropología aplicada en una sociedad compleja
|c Hugo Cadenas Ramos.
|
| 260 |
|
|
|a Santiago, Chile:
|b Universidad de Chile,
|c 2005.
|
| 300 |
|
|
|a p. 1-9
|
| 500 |
|
|
|a En: Revista Mad: Revista del Magíster en Análisis Sistémico Aplicado a la Sociedad, no. 13. 2005. pp. 1-9. ISSN. 00732435. Sitio visitado (http://www.facso.uchile.cl/publicaciones/mad/13/paper05.pdfl) el 23 de Agosto de 2018.
|
| 520 |
|
|
|a El presente artículo reflexiona sobre la definición del término antropología aplicada a la luz de los desafíos que enfrente la disciplina antropológica en el Siglo XXI, desde el punto de vista teórico, metodológico y de aplicación práctica en el más amplio sentido. Si bien el tema está abierto a debate y no se puede llegar a conclusiones taxativas, sí es posible proponer algunas ideas al debate.
|
| 526 |
|
|
|a Antropología aplicada I.
|
| 650 |
|
0 |
|a Antropología aplicada
|9 4545
|
| 650 |
|
0 |
|a Antropología
|9 336
|
| 650 |
|
0 |
|a Antropología cultural y social
|9 429
|
| 856 |
|
|
|u http://www.facso.uchile.cl/publicaciones/mad/13/paper05.pdf
|y Acceso electrónico al documento
|
| 942 |
|
|
|c REVA
|2 ddc
|